000 00558nam a22001457a 4500
008 150508b xxu||||| |||| 00| 0 eng d
020 _a8493189847
082 _a708
_bZ 396c
100 _aZaya, Antonio (curador); Farris Thompson, Robert
_92614
245 _aCarlos Betancourt
_cZaya, Antonio; Farris Thompson, Robert
260 _bLanzarote : Cabildo insular de Lanzarote
_c2002
300 _a79 p.
_bill. (col)
_c17x23 cm
650 _xBetancourt,Carlos-1966-Exhibición
_xArte moderno
_xS.20
_92615
700 _aAntonio Zaya (curador); Robert Farris Thompson
_92616
999 _c580
_d580